[Event "POL-chT U19 2nd League"]
[Site "Iwonicz"]
[Date "2016.07.31"]
[Round "6.86"]
[White "Franek, Krzysztof"]
[Black "Kozlowski, Bartlomiej"]
[Result "0-1"]
[WhiteElo "1134"]
[BlackElo "1474"]
[PlyCount "110"]
[EventDate "2016.07.23"]
[EventType "team-swiss"]
[EventRounds "11"]
[EventCountry "POL"]
[SourceTitle "EXT 2019"]
[Source "ChessBase"]
[SourceDate "2018.10.10"]
[SourceVersion "1"]
[SourceVersionDate "2018.10.10"]
[SourceQuality "1"]
[WhiteTeam "Cieszyn MUKS SZS U19"]
[BlackTeam "Puszcza Marianska UKS Hetman U19"]
[WhiteTeamCountry "POL"]
[BlackTeamCountry "POL"]

1. e4 e5 2. Nf3 Nc6 3. Bc4 Bc5 4. c3 Nf6 5. 0-0 d6 6. d4 Bb6 7. Re1 Bg4 8. d5 Ne7 9. Bg5 Ng6 10. Bb5+ Kf8 11. h3 Bc8 12. Nbd2 h6 13. Be3 Bd7 14. Bd3 Qc8 15. Bf1 c6 16. c4 Ba5 17. g4 h5 18. g5 Nxe4 19. Nxe4 Bxe1 20. Qxe1 Bxh3 21. Nh2 Nh4 22. Be2 Qd7 23. dxc6 bxc6 24. b4 f6 25. Ng3 Bg4 26. Qd1 f5 27. Bc5 Ke7 28. Nxg4 hxg4 29. Nxf5+ Nxf5 30. Bxg4 dxc5 31. Qxd7+ Kxd7 32. Bxf5+ Kc7 33. bxc5 Rhf8 34. Bg4 Rf4 35. f3 Rxc4 36. Rd1 Rd8 37. Re1 Rxc5 38. Re2 Rd1+ 39. Kf2 Rcd5 40. Kg3 R1d2 41. Rxd2 Rxd2 42. Be6 c5 43. Kg4 Kd6 44. Kf5 Rf2 45. Bf7 Rxf3+ 46. Kg6 Ke7 47. Bb3 Kf8 48. Be6 Rf2 49. Bd5 c4 50. Bxc4 e4 51. a4 e3 52. Bd3 e2 53. Bxe2 Rxe2 54. Kf5 Ra2 55. Ke4 Rxa4+ 0-1